| 000 | 00527nam a2200145Ia 4500 | ||
|---|---|---|---|
| 008 | 140724s9999 xx 000 0 und d | ||
| 050 |
_aTK 5105 _b.Ab167 2014 |
||
| 100 | _aAbuyuan, Ana Katherine R. | ||
| 245 |
_aSGEN Home : _ba website for the creation of a unified image of Southville's Allied Schools / _cAna Katherine R. Abuyuan. |
||
| 260 |
_aLas PiƱas, Philippines : _bSouthville International School and Colleges, _cc2014. |
||
| 300 |
_a159 p. : _bcol. Ill. ; _c28 cm. |
||
| 521 | _aMA | ||
| 942 | _cTH | ||
| 999 |
_c229353 _d229353 |
||